000 01471nam0a2200337 4500
001 RU\NLR\BIBL_A\011248640
005 20260406062136.0
010 _a978-5-7062-0191-3
_95000
021 _aRU
_b2016-75569
_94910
035 _a(NLR Aleph) 011248640
090 _a12154099
_c12154099
100 _a20161017d2016 |||y0rusy50 ca
101 0 _arus
102 _aRU
105 _ay e 00zy
200 1 _aНемецко-русский и русско-немецкий словарь
_eоколо 26000 слов в каждой части
_f[сост.: Филлипова М.С.
_gред.: Никитина И.К.]
210 _aСанкт-Петербург
_cВиктория плюс
_d2016
215 _a958 с.
_d17
225 1 _aNeu
300 _aНа обл. подзаг.: более 52000 слов
606 1 _aНемецкий язык
_xСловари
_xРусский язык
_91696762
_3RU\NLR\AUTH\66754878
606 1 _aРусский язык
_xСловари
_xНемецкий язык
_91537828
_3RU\NLR\AUTH\66971516
686 1 _aШ143.24-491перев
686 1 _aШ141.12-491перев
702 1 _4220
_7ca
_8rus
_aФилиппова
_bМ. С.
_cфилолог, нем. язык
_9122063
_3RU\NLR\AUTH\7712341
702 1 _4340
_7ca
_8rus
_aНикитина
_bИ. К.
_cред. изд-ва
_952090
_3RU\NLR\AUTH\7769162
942 _cBOOK
980 _aNB